skbl

Dr Suryya Kumar Bhuyan Library Web-OPAC
ডঃ সূৰ্য্য
কুমাৰ ভূঞা পুথিভঁৰাল ৱেব-অ'পেক

All Research Scholars are advised to clear the annual library fees to continue using Library Resources, Remote Access, Plagiarism Test and Library Clearance.

Cotton University Book Fair 2026

Bargeet / (Record no. 34592)

MARC details
000 -LEADER
fixed length control field 00688nam a2200265Ia 4500
001 - CONTROL NUMBER
control field 34610
005 - DATE AND TIME OF LATEST TRANSACTION
control field 20240114001738.0
007 - PHYSICAL DESCRIPTION FIXED FIELD--GENERAL INFORMATION
fixed length control field ta
008 - FIXED-LENGTH DATA ELEMENTS--GENERAL INFORMATION
fixed length control field 070226s1992 g b000 u asm u
040 ## - CATALOGING SOURCE
Original cataloging agency Cotton College,Assam
041 ## - LANGUAGE CODE
Language code of text/sound track or separate title asm
082 ## - DEWEY DECIMAL CLASSIFICATION NUMBER
Classification number 891.41108
Item number Ma 277 Ba
100 ## - MAIN ENTRY--PERSONAL NAME
Personal name Mahanta, Bap Chandra .
245 #0 - TITLE STATEMENT
Title Bargeet /
Statement of responsibility, etc. Bap Chandra Mahanta.
Medium Textual Documents
250 ## - EDITION STATEMENT
Edition statement 1st ed. /
260 ## - PUBLICATION, DISTRIBUTION, ETC.
Place of publication, distribution, etc. Guwahati :
Name of publisher, distributor, etc. Students Stores ,
Date of publication, distribution, etc. 1992.
300 ## - PHYSICAL DESCRIPTION
Extent 245p. ;
Dimensions 22cm.
653 ## - INDEX TERM--UNCONTROLLED
Uncontrolled term Assamese Poetry-Collections
653 ## - INDEX TERM--UNCONTROLLED
Uncontrolled term G-Assamese
653 ## - INDEX TERM--UNCONTROLLED
Uncontrolled term PG-Assamese
942 ## - ADDED ENTRY ELEMENTS (KOHA)
Source of classification or shelving scheme Dewey Decimal Classification
Koha item type Books
Holdings
Withdrawn status Lost status Damaged status Not for loan Collection Home library Current library Date acquired Coded location qualifier Total checkouts Full call number Barcode Date last seen Copy number Price effective from Koha item type Total renewals Date last checked out
          Dr. Suryya Kumar Bhuyan Library Dr. Suryya Kumar Bhuyan Library 01/02/2012 00000   891.41108 Ma 277 Ba 5182/As 14/01/2024 2 01/02/2012 Books    
          Dr. Suryya Kumar Bhuyan Library Dr. Suryya Kumar Bhuyan Library 01/02/2012 00000 1 891.41108 Ma 277 Ba 3115/As 05/05/2025 1 01/02/2012 Books 2 08/04/2025

Designed and Maintained by Team SKBL
©1901-2026

Powered by Koha